Catálogo

Guía del archivo episcopal de Pelagio Antonio de Labastida y Dávalos : (Registro nro. 24081)

Detalles MARC
000 -LEADER
fixed length control field 01300cam a2200337 i 4500
001 - CONTROL NUMBER
control field 24081
003 - CONTROL NUMBER IDENTIFIER
control field Mx-PuUPA
005 - DATE AND TIME OF LATEST TRANSACTION
control field 20250430110106.0
008 - FIXED-LENGTH DATA ELEMENTS--GENERAL INFORMATION
fixed length control field 140415s2006 mx gr 000 0 spa d
020 ## - INTERNATIONAL STANDARD BOOK NUMBER
International Standard Book Number 9685145032
040 ## - CATALOGING SOURCE
Original cataloging agency Mx-PuUPA
Language of cataloging spa
Transcribing agency Mx-PuUPA
Modifying agency Mx-PuUPA
Description conventions rda
041 0# - LANGUAGE CODE
Language code of text/sound track or separate title spa
100 1# - MAIN ENTRY--PERSONAL NAME
Personal name Watson Marrón, Gustavo,
9 (RLIN) 1573
Relator term autor
245 10 - TITLE STATEMENT
Title Guía del archivo episcopal de Pelagio Antonio de Labastida y Dávalos :
Remainder of title 1863 - 1891 /
Statement of responsibility, etc. Gustavo Watson Marrón, Berenice Bravo Rubio, Eva Caccavari Garza, Marco Antono Pérez Iturbe
250 ## - EDITION STATEMENT
Edition statement Primera edición /
Remainder of edition statement junio
264 #1 - PRODUCTION, PUBLICATION, DISTRIBUTION, MANUFACTURE, AND COPYRIGHT NOTICE
Place of production, publication, distribution, manufacture México, D.F. :
Name of producer, publisher, distributor, manufacturer Arquidiócesis Primada de México,
Date of production, publication, distribution, manufacture, or copyright notice 2006
300 ## - PHYSICAL DESCRIPTION
Extent 80 páginas ;
Dimensions 23 cm
336 ## - CONTENT TYPE
Fuente rdacontent
Content type term texto
Content type code txt
337 ## - MEDIA TYPE
Source rdamedia
Media type term sin medio
Media type code n
338 ## - CARRIER TYPE
Source rdacarrier
Carrier type term volumen
Carrier type code nc
502 ## - DISSERTATION NOTE
Dissertation note
600 14 - SUBJECT ADDED ENTRY--PERSONAL NAME
Personal name Labastida y Dávalos, Pelagio Antonio de,
Dates associated with a name 1815-1891
650 #7 - SUBJECT ADDED ENTRY--TOPICAL TERM
Source of heading or term armarc
Topical term or geographic name entry element Archivos eclesiásticos
Geographic subdivision México (Ciudad)
Form subdivision Catálogos
650 #7 - SUBJECT ADDED ENTRY--TOPICAL TERM
Source of heading or term armarc
Topical term or geographic name entry element Iglesia Católica
Form subdivision Archivos
-- Catálogos
700 1# - ADDED ENTRY--PERSONAL NAME
Personal name Bravo Rubio, Berenise,
Relator term autor
700 1# - ADDED ENTRY--PERSONAL NAME
Personal name Caccavari Garza, Eva,
Relator term autor
700 1# - ADDED ENTRY--PERSONAL NAME
Personal name Pérez Iturbide, Marco Antonio,
Relator term autor
942 ## - ADDED ENTRY ELEMENTS (KOHA)
Source of classification or shelving scheme Dewey Decimal Classification
Koha item type Libro
Classification part 016.28272
Item part W32
Existencias
Withdrawn status Lost status Source of classification or shelving scheme Damaged status Not for loan Collection code Home library Current library Shelving location Date acquired Source of acquisition Total Checkouts Full call number Barcode Date last seen Price effective from Koha item type
    Dewey Decimal Classification     General Centro de Estudios Guadalupanos Centro de Estudios Guadalupanos Sala general 03/12/2013   016.28272 W32 2006 45001 05/01/2026 03/12/2013 Libro